Sanat - "Me ei olla enää me" - Sanni - Statistics

Yleistilastot
  • Tätä visaa on pelattu 177 kertaa
  • Keskiarvotulos 150 / 203
Vastaustilastot
Vastaus % Oikein
en
96%
enää
95%
me
95%
olla
95%
95%
ei
94%
et
87%
joululahjat
85%
koska
85%
ostetaan
85%
toiselle
85%
kuulu
80%
mulle
80%
kävele
77%
mut
76%
jollekin
73%
ja
72%
haavat
65%
niitä
65%
parane
65%
joten
63%
kun
63%
perääsi
63%
käänny
62%
on
62%
repimällä
62%
sen
61%
pääse
60%
sisälle
60%
mutta
59%
sua
59%
voit
59%
kotiin
57%
näytät
57%
lähdet
56%
Katselen
54%
katselen
54%
saattaa
53%
samalta
53%
sun
49%
jotain
45%
sinua
45%
tunne
44%
uutta
44%
huomaat
42%
kyllä
42%
kylmä
42%
vaikka
42%
äänessäs
41%
mulla
40%
takkia
40%
kiva
38%
pitkästä
37%
tarjoo
37%
aikaa
36%
jutella
36%
puhaltaa
33%
vasten
32%
viima
32%
Marraskuun
29%
onpa
29%
kadut
28%
Helsingin
26%
tulvii
25%
loskaa
22%
Ehtoja vastaavia visoja ei löytynyt
Tulosjakauma
Jokaisen tuloksen saaneiden osuus
Persentiili vastausten määrän mukaan
Tuloshistoriasi
Et ole pelannut tätä visaa